| 000 | 00450 a2200157 4500 | ||
|---|---|---|---|
| 003 | OSt | ||
| 005 | 20240108153648.0 | ||
| 008 | 240108b |||||||| |||| 00| 0 eng d | ||
| 040 | _coclc | ||
| 082 |
_a297 _bAKB/N |
||
| 100 |
_aAkbar, M M _92026 |
||
| 245 |
_aNabinindhacinema muslingalku parayanullathu... / _cM M Akbar |
||
| 260 |
_aKerala: _bDa'wa books, _c2012. |
||
| 300 | _a56p | ||
| 942 |
_2ddc _cBK _h297 _iAKB/N _k297 _mAKB/N |
||
| 999 |
_c43113 _d43113 |
||